000 00423nam a2200181Ia 4500
001 789
005 20260306140543.0
008 260306t1958||||xx |||||||||||||| ||spa||
041 _aESP
082 _a169
_bB67
100 _aBochenski, I. M.
_eAUT
245 0 _aLos métodos actuales del pensamiento
260 _c1958
300 _a278 páginas :
_c19 cm.
650 _aGEN
654 _aCHU
942 _cLIB
_dJUS
_fJUS
_2ddc
_n
999 _c789
_d789